An illustrated history of the USA
This book explores the development of the United States from its origins as a land inhabited by scattered American tribes to the culturally diverse but united country thet we see today. It examines the contribution made by famous figures such as Washington, Lincoln, and Edison, and also the parts pl...
Shranjeno v:
| Glavni avtor: | |
|---|---|
| Format: | Knjiga |
| Jezik: | Undetermined |
| Izdano: |
Essex, UK
Longman
1999
|
| Teme: | |
| Oznake: |
Označite
Brez oznak, prvi označite!
|
| Thư viện lưu trữ: | Trung tâm Học liệu Trường Đại học Cần Thơ |
|---|
| LEADER | 01010nam a2200205Ia 4500 | ||
|---|---|---|---|
| 001 | CTU_35185 | ||
| 008 | 210402s9999 xx 000 0 und d | ||
| 020 | |b 33.000đ | ||
| 082 | |a 973 | ||
| 082 | |b O.15 | ||
| 100 | |a Bryn O'Callaghan | ||
| 245 | 3 | |a An illustrated history of the USA | |
| 245 | 0 | |c Bryn O'Callaghan | |
| 260 | |a Essex, UK | ||
| 260 | |b Longman | ||
| 260 | |c 1999 | ||
| 520 | |a This book explores the development of the United States from its origins as a land inhabited by scattered American tribes to the culturally diverse but united country thet we see today. It examines the contribution made by famous figures such as Washington, Lincoln, and Edison, and also the parts played by the less famous - hopeful early settlers from Europe, black slaves on soutnern cotton platations, student protesters against the VietNam War | ||
| 650 | |a united states - description and travel,united states - history | ||
| 904 | |i Minh, 000222 | ||
| 980 | |a Trung tâm Học liệu Trường Đại học Cần Thơ | ||